000 01378cam a22003977a 4500
001 000076074
003 CHAP
005 20240904094709.0
008 971013s1983 r 00010 d
010 _a73309
011 _a74281
035 _a83840
040 _cCHAP
090 _aTesis
100 1 0 _aBarrales Domínguez, José Sergio
_910332
245 0 _aEnsayos de familias de maíz bajo temporal en valles altos relaciones termopluviométricas.
260 _aChapingo, Méx. :
_bEl autor,
_c1983.
300 _a91 h. :
_b; gráfs.
500 _ac.4 en bodega
502 _aTesis (M. C. Esp. en Genética) -- ENA. Colegio de Postgraduados. Centro de Genética
590 _aALEPH
_b10
_c20130110
_lUCH01
_h1416
590 _aBATCH-UPD
_b10
_c20130110
_lUCH01
_h1034
590 _aBATCH-UPD
_b10
_c20130410
_lUCH01
_h0636
590 _aBATCH-UPD
_b10
_c20130913
_lUCH01
_h2152
590 _aBATCH-UPD
_b10
_c20130914
_lUCH01
_h1728
590 _aCONVERSION
_b10
_c20130109
_lUCH01
_h1340
590 _aE11695DGD
_b10
_c20170830
_lUCH01
_h1139
650 1 4 _aAgricultura de temporal.
_91999
650 1 4 _aLluvia
_xEfecto en agricultura.
_967320
650 1 4 _aMaíz
_xEfecto del clima.
_970934
901 _aBK
942 _cFOLL
942 _n0
949 _bBC
_cTES
_d33724000634572
_eTS2
_fc.2
_h31101
_i83840
_si
949 _bBC
_cTES
_d33724000688982
_eTS2
_fc.3
_h31278
_i83840
_si
999 _c73309
_d73309